| 000 | 00449nam a2200181Ia 4500 | ||
|---|---|---|---|
| 001 | 5134 | ||
| 005 | 20260306145846.0 | ||
| 008 | 260306t2008||||xx |||||||||||||| ||spa|| | ||
| 041 | _aESP | ||
| 082 |
_a333.7932 _bD23 2008 |
||
| 100 |
_aDammert Lira, Alfredo _eAUT |
||
| 245 | 0 | _aRegulación y supervisión del sector eléctrico | |
| 260 | _c2008 | ||
| 300 |
_a365 páginas : _ccm. |
||
| 650 | _aGEN | ||
| 654 | _aCAN | ||
| 942 |
_cLIB _dJUS _fJUS _2ddc _n |
||
| 999 |
_c5134 _d5134 |
||